01357cam a2200421 i 450000100060000000300090000600500170001500800390003201500180007102000150008904000280010404100080013204600090014008000100014908000160015908000190017508000090019424501490020326000320035230000280038433600270041233700540043933800280049338000160052138000230053738000270056038800100058750400340059765000100063165000340064165100110067565500190068665500170070565800370072270000620075971000160082185600980083743432KOSZ 00520220927140425.0031203s2003 pl f f |001 0 pol aPB 2003/20846 a8372513635 aWA NcWA NdKOSZ 005/HR0 apol k2003 a657.6 a346.52(438) a347.728.1(438) a(07)00aSprawozdanie finansowe bez tajemnic :bpraca zbiorowa /cpod red. Gertrudy Krystyny Świderskiej ; [aut. Gertruda Krystyna Świderska et al.]. aWarszawa :b"Difin",c2003. aXIX, [802] s. ;c23 cm. 2rdacontentaTekstbtxt 2rdamediaaBez urządzenia pośredniczącegobn 2rdacarrieraWoluminbnc aKsiążki aPublikacje fachowe aPublikacje dydaktyczne a2001- aBibliogr. przy rozdz. Indeks. 4aPrawo 4aSprawozdawczość finansowa 4aPolska 4aPraca zbiorowa 4aPodręcznik aPrawo i wymiar sprawiedliwości1 aŚwiderska, Gertruda Krystynad(1942- )eAutoreRedakcja2 aDifin4pbl. uhttp://koha.tu.koszalin.pl/cgi-bin/koha/opac-detail.pl?biblionumber=43432yKatalog online BPK